Grace Kelly - MIKA lyrics - Statistics

General Stats
  • This quiz has been taken 309 times
  • The average score is 348 of 419
Answer Stats
Answer % Correct
a
99%
I
99%
be
98%
like
98%
you
98%
You
98%
blue
95%
Do
95%
could
94%
sky
94%
to
94%
brown
93%
me
93%
violet
93%
The
91%
the
91%
Grace
90%
Kelly
90%
don't
87%
too
87%
try
87%
anything
86%
we
86%
Why
86%
purple
84%
my
83%
what
83%
But
82%
little
82%
Am
81%
with
81%
everything
80%
got
80%
So
80%
smile
79%
talk
79%
tried
79%
wanna
79%
attract
78%
Freddie
78%
dirty
77%
flirty
77%
look
77%
Gotta
76%
green
76%
sad
76%
can
75%
door
75%
mean
75%
were
75%
we're
75%
last
74%
out
74%
time
74%
want
74%
your
74%
walk
73%
Walk
73%
looks
72%
repulse
72%
it
71%
more
70%
talked
70%
hurtful
69%
her
68%
all
66%
Should
65%
should
65%
tears
65%
mad
64%
bit
63%
I've
63%
Mr.
63%
on
63%
reduced
63%
won't
63%
again
61%
Smith
61%
yourself
61%
happen
60%
Say
60%
making
59%
promise
59%
shy
59%
without
59%
How
58%
identity
57%
help
54%
baby
53%
just
53%
put
52%
satisfy
52%
think
51%
wholesome
51%
gone
49%
shelf
49%
else
48%
everybody
48%
I'm
48%
queasy
48%
life
47%
doesn't
46%
over
45%
loathsome
44%
leaving
43%
only
43%
older
42%
solve
42%
ah
41%
angry
41%
bend
39%
Getting
39%
guess
39%
Hello
38%
Says
38%
hey
37%
Putting
37%
brink
34%
Humphry
33%
Cha-ching
11%
Sould
7%
No matching quizzes found
Score Distribution
Percent of People with Each Score
Percentile by Number Answered
Your Score History
You have not taken this quiz